Tool support for system specification, development and verification

Αποθηκεύτηκε σε:
Λεπτομέρειες βιβλιογραφικής εγγραφής
Συγγραφή απο Οργανισμό/Αρχή: International Workshop on Tool Support for System Specification, Development and Verificaion
Άλλοι συγγραφείς: Berghammer, R. (Rudolph) 1952- (Επιμελητής έκδοσης), Lakhnech, Y. (Yassine) (Επιμελητής έκδοσης)
Μορφή: Βιβλίο
Γλώσσα:English
Δημοσίευση: Wien : Springer, c1999
Σειρά:Advances in computing science,
Θέματα:
Ετικέτες: Προσθήκη ετικέτας
Δεν υπάρχουν, Καταχωρήστε ετικέτα πρώτοι!

MARC

LEADER 00000nam a2200000 i 4500
001 1/15702
008 010122s1999 eng d
020 |a 3-211-83282-3 
035 |l 10065506 
040 |a GR-MY-UA  |b gre  |e aacr 
041 0 |a eng 
082 0 |a 005.12 
110 2 |a International Workshop on Tool Support for System Specification, Development and Verificaion. 
245 1 0 |a Tool support for system specification, development and verification /  |c R. Berghammer, Y. Lakhnech (eds.) 
260 |a Wien :   |b Springer,   |c c1999 
300 |a viii, 231 p.;  |b ill.;  |c 25 cm. 
490 1 |a Advances in computing science  |x 1433-0113 
500 |a "This volume contains the proceedings of the International Workshop Tool Support for System Specification, Development and Verification organized June 1-4, 1998, in Malente, Germany. 
504 |a Includes bibliographical references. 
650 0 0 |a Computer software  |x Development  |x Congresses. 
650 0 0 |a Computer software  |x Validation  |x Congresses. 
650 0 0 |a Computer software  |x Verification  |x Congresses. 
650 0 0 |a Computer-aided software engineering. 
700 1 |a Berghammer, R.  |q (Rudolph)  |d 1952-  |4 edt 
700 1 |a Lakhnech, Y. (Yassine)  |4 edt 
830 0 |a Advances in computing science,  |x 1433-0113 
852 |a INST  |b SYROS  |e 20010122  |h 005.12 TOO  |p 005500001672  |q 005500001672  |t BK  |y 0 
901 |a BIBL5-2001-1 
909 |a Ε  |b 084568 
922 |a 5ΕΛΗ  |b 200012  |c ΓΡΑΦΙΚΩΝ ΤΕΧΝΩΝ  |d ΜΙΧΑΛΟΠΟΥΛΟΣ 
950 |a 183-2000-12-07 
970 |a ΚΟΝΤΟΥ  |b ΠΑΡΑΣΚΕΥΗ  |z 2001/02/06